|
|
|
|
| LEADER |
01077nam a2200277 a 4500 |
| 001 |
2868491 |
| 008 |
100621s1984 it a b i000 0 eng d |
| 010 |
|
|
|a 85186747
|
| 020 |
|
|
|a 925102104X
|
| 040 |
|
|
|a DLC
|c DLC
|d DLC
|
| 082 |
0 |
0 |
|a 614.4/3
|2 19
|
| 100 |
1 |
|
|a Mather, T. H.
|
| 245 |
1 |
0 |
|a Environmental management for vector control in rice fields /
|c by T.H. Mather ; with contributions from Trinh Ton That.
|
| 260 |
|
|
|a Rome :
|b Food and Agriculture Organization of the United Nations,
|c 1984.
|
| 300 |
|
|
|a xii, 152 p. :
|b ill. ;
|c 30 cm.
|
| 490 |
0 |
|
|a FAO irrigation and drainage paper ;
|v 41
|
| 504 |
|
|
|a Bibliography: p. 137-148.
|
| 541 |
1 |
|
|e 00003696
|
| 650 |
|
0 |
|a Vector control.
|
| 650 |
|
0 |
|a Environmental management.
|
| 650 |
|
0 |
|a Rice.
|
| 650 |
|
0 |
|a Rice
|x Ecology.
|
| 700 |
2 |
|
|a Tôn-Thất, Trình,
|d 1931-
|
| 852 |
4 |
|
|a Ayesha Abed Library
|j General shelf
|
| 999 |
|
|
|c 9034
|d 9034
|
| 952 |
|
|
|0 0
|1 0
|2 ddc
|4 0
|6 614_430000000000000_MAT_1984
|7 0
|9 11156
|a BRACUL
|b BRACUL
|c GEN
|d 2010-06-22
|g 0.00
|l 0
|o 614.43 MAT
|p 3010003696
|r 2010-06-22
|t 1
|w 2010-06-22
|y BK
|z Not price in Register
|